<?xml version="1.0" encoding="UTF-8"?><?xml-stylesheet type="text/xsl" href="static/style.xsl"?><OAI-PMH xmlns="http://www.openarchives.org/OAI/2.0/" xmlns:xsi="http://www.w3.org/2001/XMLSchema-instance" xsi:schemaLocation="http://www.openarchives.org/OAI/2.0/ http://www.openarchives.org/OAI/2.0/OAI-PMH.xsd"><responseDate>2026-04-28T17:34:37Z</responseDate><request verb="GetRecord" identifier="oai:riubu.ubu.es:10259/8774" metadataPrefix="marc">https://riubu.ubu.es/oai/request</request><GetRecord><record><header><identifier>oai:riubu.ubu.es:10259/8774</identifier><datestamp>2024-03-08T01:05:28Z</datestamp><setSpec>com_10259_4219</setSpec><setSpec>com_10259_5086</setSpec><setSpec>com_10259_2604</setSpec><setSpec>col_10259_4220</setSpec></header><metadata><record xmlns="http://www.loc.gov/MARC21/slim" xmlns:doc="http://www.lyncode.com/xoai" xmlns:xsi="http://www.w3.org/2001/XMLSchema-instance" xmlns:dcterms="http://purl.org/dc/terms/" xsi:schemaLocation="http://www.loc.gov/MARC21/slim http://www.loc.gov/standards/marcxml/schema/MARC21slim.xsd">
<leader>00925njm 22002777a 4500</leader>
<datafield tag="042" ind1=" " ind2=" ">
<subfield code="a">dc</subfield>
</datafield>
<datafield tag="720" ind1=" " ind2=" ">
<subfield code="a">García Martín, Elena</subfield>
<subfield code="e">author</subfield>
</datafield>
<datafield tag="720" ind1=" " ind2=" ">
<subfield code="a">Jiménez Jiménez, Félix Javier</subfield>
<subfield code="e">author</subfield>
</datafield>
<datafield tag="720" ind1=" " ind2=" ">
<subfield code="a">Alonso Navarro, Hortensia</subfield>
<subfield code="e">author</subfield>
</datafield>
<datafield tag="720" ind1=" " ind2=" ">
<subfield code="a">Martínez, Carmen</subfield>
<subfield code="e">author</subfield>
</datafield>
<datafield tag="720" ind1=" " ind2=" ">
<subfield code="a">Zurdo, Martín</subfield>
<subfield code="e">author</subfield>
</datafield>
<datafield tag="720" ind1=" " ind2=" ">
<subfield code="a">Turpín Fenoll, Laura</subfield>
<subfield code="e">author</subfield>
</datafield>
<datafield tag="720" ind1=" " ind2=" ">
<subfield code="a">Millán Pascual, Jorge</subfield>
<subfield code="e">author</subfield>
</datafield>
<datafield tag="720" ind1=" " ind2=" ">
<subfield code="a">Adeva Bartolomé, Teresa</subfield>
<subfield code="e">author</subfield>
</datafield>
<datafield tag="720" ind1=" " ind2=" ">
<subfield code="a">Cubo Delgado, Esther</subfield>
<subfield code="e">author</subfield>
</datafield>
<datafield tag="720" ind1=" " ind2=" ">
<subfield code="a">Navacerrada, Francisco</subfield>
<subfield code="e">author</subfield>
</datafield>
<datafield tag="720" ind1=" " ind2=" ">
<subfield code="a">Rojo Sebastián, Ana</subfield>
<subfield code="e">author</subfield>
</datafield>
<datafield tag="720" ind1=" " ind2=" ">
<subfield code="a">Rubio, Lluisa</subfield>
<subfield code="e">author</subfield>
</datafield>
<datafield tag="720" ind1=" " ind2=" ">
<subfield code="a">Ortega Cubero, Sara</subfield>
<subfield code="e">author</subfield>
</datafield>
<datafield tag="720" ind1=" " ind2=" ">
<subfield code="a">Pastor, Pau</subfield>
<subfield code="e">author</subfield>
</datafield>
<datafield tag="720" ind1=" " ind2=" ">
<subfield code="a">Calleja, Marisol</subfield>
<subfield code="e">author</subfield>
</datafield>
<datafield tag="720" ind1=" " ind2=" ">
<subfield code="a">Plaza Nieto, José Francisco</subfield>
<subfield code="e">author</subfield>
</datafield>
<datafield tag="720" ind1=" " ind2=" ">
<subfield code="a">Pilo de la Fuente, Belén</subfield>
<subfield code="e">author</subfield>
</datafield>
<datafield tag="720" ind1=" " ind2=" ">
<subfield code="a">Arroyo Solera, Margarita</subfield>
<subfield code="e">author</subfield>
</datafield>
<datafield tag="720" ind1=" " ind2=" ">
<subfield code="a">García Albea, Esteban</subfield>
<subfield code="e">author</subfield>
</datafield>
<datafield tag="720" ind1=" " ind2=" ">
<subfield code="a">Agúndez, José A. G.</subfield>
<subfield code="e">author</subfield>
</datafield>
<datafield tag="260" ind1=" " ind2=" ">
<subfield code="c">2015-08</subfield>
</datafield>
<datafield tag="520" ind1=" " ind2=" ">
<subfield code="a">Several neurochemical, neuropathological, neuroimaging, and experimental data, suggest that iron deficiency plays an important role in the pathophysiology of restless legs syndrome (RLS). Heme-oxygenases (HMOX) are an important defensive mechanism against oxidative stress, mainly through the degradation of heme to biliverdin, free iron, and carbon monoxide. We analyzed whether HMOX1 and HMOX2 genes are related with the risk to develop RLS.&#xd;
&#xd;
We analyzed the distribution of genotypes and allelic frequencies of the HMOX1 rs2071746, HMOX1 rs2071747, HMOX2 rs2270363, and HMOX2 rs1051308 SNPs, as well as the presence of Copy number variations (CNVs) of these genes in 205 subjects RLS and 445 healthy controls.&#xd;
&#xd;
The frequencies of rs2071746TT genotype and rs2071746T allelic variant were significantly lower in RLS patients than that in controls, although the other 3 studied SNPs did not differ between RLS patients and controls. None of the studied polymorphisms influenced the disease onset, severity of RLS, family history of RLS, serum ferritin levels, or response to dopaminergic agonist, clonazepam or GABAergic drugs.&#xd;
&#xd;
The present study suggests a weak association between HMOX1 rs2071746 polymorphism and the risk to develop RLS in the Spanish population.</subfield>
</datafield>
<datafield tag="024" ind2=" " ind1="8">
<subfield code="a">0025-7974</subfield>
</datafield>
<datafield tag="024" ind2=" " ind1="8">
<subfield code="a">http://hdl.handle.net/10259/8774</subfield>
</datafield>
<datafield tag="024" ind2=" " ind1="8">
<subfield code="a">10.1097/MD.0000000000001448</subfield>
</datafield>
<datafield tag="245" ind1="0" ind2="0">
<subfield code="a">Heme Oxygenase-1 and 2 Common Genetic Variants and Risk for Restless Legs Syndrome</subfield>
</datafield>
</record></metadata></record></GetRecord></OAI-PMH>